BSOP header

English conversation patterns : (Record no. 26394)

MARC details
000 -LEADER
fixed length control field 00697nam a2200181 4500
008 - FIXED-LENGTH DATA ELEMENTS--GENERAL INFORMATION
fixed length control field 051007s2005 ch 1 eng
020 ## - INTERNATIONAL STANDARD BOOK NUMBER
International Standard Book Number 9861470409
090 ## - LOCALLY ASSIGNED LC-TYPE CALL NUMBER (OCLC); LOCAL CALL NUMBER (OCLC)
Classification number (OCLC) (R) ; Classification number, CALL (RLIN) (NR) PE1131
Local cutter number (OCLC) ; Book number/undivided call number, CALL (RLIN) B43e
100 1# - MAIN ENTRY--PERSONAL NAME
Personal name Bennett, Andrew E.
245 10 - TITLE STATEMENT
Title English conversation patterns :
Remainder of title beginnings =
-- [also in Chinese text] /
Statement of responsibility, etc Andrew E. Bennett.
250 ## - EDITION STATEMENT
Edition statement Chinese ed.
260 ## - PUBLICATION, DISTRIBUTION, ETC. (IMPRINT)
Place of publication, distribution, etc Taiwan :
Name of publisher, distributor, etc Crane Publishing Co.Ltd.,
Date of publication, distribution, etc c2005.
300 ## - PHYSICAL DESCRIPTION
Extent 189 p. :
Other physical details colored ill. +
Accompanying material 2 CDs
504 ## - BIBLIOGRAPHY, ETC. NOTE
Bibliography, etc Includes index.
650 #4 - SUBJECT ADDED ENTRY--TOPICAL TERM
Topical term or geographic name as entry element English language
General subdivision Conversation and phrase books
-- Chinese {ch}.
650 #4 - SUBJECT ADDED ENTRY--TOPICAL TERM
Topical term or geographic name as entry element English language
General subdivision Textbooks for foreign speakers {ch}.
951 ## - EQUIVALENCE OR CROSS-REFERENCE-GEOGRAPHIC NAME/AREA NAME [OBSOLETE] [CAN/MARC only]
-- 29331
-- PE1131/B43e-11
-- 070613111549734
-- 2000-12-21
-- REF
Holdings
Withdrawn status Lost status Damaged status Not for loan Home library Current library Shelving location Date acquired Accession number Shelving control number Total Checkouts Full call number Date last seen Price effective from Koha item type
        BSOP Library BSOP Library Reference 12/21/2000 29331 127   PE1131/B43e-11 02/23/2013 02/23/2013 Books
BSOP

Biblical Seminary of the Philippines
  All rights Reserved
  © 2024

CONTACT INFORMATION

Biblical Seminary of the Philippines,
  77-B Karuhatan Road, Valenzuela City,
  PHILIPPINES 1441
  Phone: +632 8292-6795 / 8292-6798
  Fax : +632 8292-6675
  Email: library@bsop.edu.ph